Sor Juana Inés de la Cruz o las Trampas de la Fe /
| Hlavní autor: | |
|---|---|
| Médium: | Kniha |
| Jazyk: | španělština |
| Vydáno: |
Chapultepec, México :
Televisa S.A,
[fecha de publicación no identificada]
|
| Témata: |
MARC
| LEADER | 00000nam a2200000Ia 4500 | ||
|---|---|---|---|
| 008 | 180919b mx ||||| |||| 00| | spa d | ||
| 999 | |c 2428 |d 2428 | ||
| 090 | |a CD # 162 | ||
| 100 | 1 | |a Tajonar, Hector |9 4266 | |
| 245 | 1 | 0 | |a Sor Juana Inés de la Cruz o las Trampas de la Fe / |c Hector Tajonar |
| 260 | |a Chapultepec, México : |b Televisa S.A, |c [fecha de publicación no identificada] | ||
| 300 | |a Disco compacto, 12 cm de diámetro | ||
| 650 | 1 | 4 | |a BIOGRAFÍAS |9 968 |
| 650 | 1 | 4 | |a RELIGIÓN |9 814 |
| 942 | |i 003462 |h CD # 162 |2 z |c 08 | ||
